[Event "Sunway Sitges Open 2017"]
[Site "Sitges ESP"]
[Date "2017.12.16"]
[Round "2.15"]
[White "Rajesh, V A V"]
[Black "Peralta, Fernando"]
[Result "0-1"]
[WhiteTitle "IM"]
[BlackTitle "GM"]
[WhiteElo "2334"]
[BlackElo "2556"]
[WhiteFideId "5029317"]
[BlackFideId "105309"]
[EventDate "2017.12.15"]

1. d4 Nf6 2. c4 e6 3. Nc3 Bb4 4. e3 O-O 5. Bd3 d5 6. Ne2 dxc4 7. Bxc4 c5 8. O-O
Nc6 9. a3 Bxc3 10. bxc3 Qc7 11. Bb2 Rd8 12. Rc1 Na5 13. Bd3 b5 14. e4 Nc4 15.
Qc2 Bb7 16. e5 Qc6 17. Nf4 Nh5 18. d5 Rxd5 19. Nxd5 Qxd5 20. f3 Ne3 21. Bxh7+
Kh8 22. Be4 Qxe5 23. Qf2 Nxf1 24. Rxf1 Bxe4 25. fxe4 c4 26. Qxf7 Nf6 27. Bc1
Qxc3 28. Qxe6 Re8 29. Qf7 Qd4+ 30. Kh1 Rxe4 31. h3 Qe5 32. Qxa7 Nh5 33. Kg1 0-1

[Event "Sunway Sitges Open 2017"]
[Site "Sitges ESP"]
[Date "2017.12.16"]
[Round "2.16"]
[White "Vasquez Schroeder, Rodrigo"]
[Black "Fenil, Shah"]
[Result "1-0"]
[WhiteTitle "GM"]
[BlackTitle "FM"]
[WhiteElo "2547"]
[BlackElo "2324"]
[WhiteFideId "3400042"]
[BlackFideId "5019850"]
[EventDate "2017.12.15"]

1. e4 c5 2. Nf3 e6 3. d4 cxd4 4. Nxd4 Nc6 5. Nb5 d6 6. c4 Nf6 7. N1c3 a6 8. Na3
Be7 9. Be2 O-O 10. O-O b6 11. Be3 Bb7 12. Qd2 Ne5 13. f3 d5 14. exd5 exd5 15.
cxd5 Bxd5 16. Rfd1 Be6 17. Qe1 Qb8 18. Nc2 Nc4 19. Bxc4 Bxc4 20. Na4 Nd5 21. b3
Nxe3 22. Qxe3 Re8 23. Qf2 Be6 24. Nxb6 Qa7 25. Na4 Bf6 26. Qxa7 Rxa7 27. Nd4 Rc7
28. Nxe6 Rxe6 29. Rac1 Rec6 30. Rxc6 Rxc6 31. Rd2 g6 32. g3 Kg7 33. Kf2 Rc1 34.
Ke2 h5 35. f4 h4 36. Kf3 hxg3 37. hxg3 g5 38. Nb6 gxf4 39. gxf4 Bc3 40. Rg2+ Kf8
41. Nd5 a5 42. Ke4 Bb4 43. Nxb4 axb4 44. Rd2 Ke7 45. Kd5 Kf6 46. Rd4 Rc2 47.
Rxb4 Rxa2 48. Rd4 Ke7 49. Kc5 Rc2+ 50. Kb6 1-0

[Event "Sunway Sitges Open 2017"]
[Site "Sitges ESP"]
[Date "2017.12.16"]
[Round "2.17"]
[White "Hejazipour, Mitra"]
[Black "Santos Latasa, Jaime"]
[Result "0-1"]
[WhiteTitle "WGM"]
[BlackTitle "IM"]
[WhiteElo "2317"]
[BlackElo "2536"]
[WhiteFideId "12505951"]
[BlackFideId "2293307"]
[EventDate "2017.12.15"]

1. d4 Nf6 2. c4 e6 3. g3 d5 4. Bg2 Bb4+ 5. Bd2 Be7 6. Nf3 c6 7. Qc2 b6 8. O-O
Nbd7 9. b3 O-O 10. Bf4 Ba6 11. Rd1 Rc8 12. Nc3 dxc4 13. Nd2 b5 14. bxc4 bxc4 15.
e4 Qa5 16. Qa4 Bb4 17. Qxa5 Bxa5 18. Rac1 Rfd8 19. Bf1 Nb6 20. Be3 Ng4 21. Nb3
Nxe3 22. fxe3 Bb4 23. Kf2 Kf8 24. Kf3 Ke7 25. e5 c5 26. Ne4 cxd4 27. Nxd4 Bb7
28. Nb5 Rxd1 29. Rxd1 Na4 30. Rb1 c3 31. Nd6 Bxe4+ 32. Kxe4 Bxd6 33. exd6+ Kxd6
34. Kd3 c2 35. Rc1 Nb2+ 36. Kd2 Nc4+ 37. Kd3 Na3 0-1

[Event "Sunway Sitges Open 2017"]
[Site "Sitges ESP"]
[Date "2017.12.16"]
[Round "2.18"]
[White "Asis Gargatagli, Hipolito"]
[Black "Charochkina, Daria"]
[Result "1/2-1/2"]
[WhiteTitle "IM"]
[BlackTitle "IM"]
[WhiteElo "2531"]
[BlackElo "2317"]
[WhiteFideId "2260735"]
[BlackFideId "4180917"]
[EventDate "2017.12.15"]

1. e4 c6 2. d4 d5 3. e5 Bf5 4. Nf3 e6 5. Be2 Nd7 6. O-O Bb4 7. Nbd2 Ba5 8. Nb3
Bb6 9. Bg5 f6 10. Bh4 Ne7 11. exf6 Nxf6 12. Bd3 Bxd3 13. Qxd3 Nf5 14. Bg5 O-O
15. Rae1 Qd6 16. g3 Ne4 17. Bf4 Qe7 18. c4 Bc7 19. Bxc7 Qxc7 20. Ne5 b6 21. cxd5
exd5 22. Nd2 Nxd2 23. Qxd2 Rae8 24. b4 c5 25. bxc5 bxc5 26. Nf3 Rxe1 27. Rxe1
Nxg3 28. hxg3 Rxf3 29. Qg5 Qd6 30. Re5 1/2-1/2

[Event "Sunway Sitges Open 2017"]
[Site "Sitges ESP"]
[Date "2017.12.16"]
[Round "2.19"]
[White "Cruz, Filemon"]
[Black "Dann, Matthias"]
[Result "1/2-1/2"]
[WhiteTitle "IM"]
[BlackTitle "IM"]
[WhiteElo "2304"]
[BlackElo "2517"]
[WhiteFideId "3800296"]
[BlackFideId "24638056"]
[EventDate "2017.12.15"]

1. d4 Nf6 2. Nf3 e6 3. e3 c5 4. Bd3 d5 5. O-O Nc6 6. b3 Bd6 7. Bb2 Qc7 8. c4
dxc4 9. bxc4 a6 10. Nc3 O-O 11. Qe2 b6 12. Rad1 Re8 13. a3 h6 14. h3 Bb7 15. Rc1
Na5 16. Rc2 Rac8 17. dxc5 bxc5 18. Rb1 Rb8 19. Rcc1 Nb3 20. Rd1 e5 21. Bc2 Bc6
22. Nd2 Nd4 23. exd4 exd4 24. Qd3 dxc3 25. Bxc3 Be5 26. Rxb8 Rxb8 27. Nf1 Be4
28. Bxe5 Qxe5 29. Qe3 Qe6 30. Bxe4 Nxe4 31. Qf4 Re8 32. Re1 Qc6 33. Qf3 Qa8 34.
Ne3 Nd2 35. Qd1 Qd8 36. Qc2 Re4 37. Re2 Rd4 38. Nf5 Rd7 39. Qa4 Kh7 40. Qc2 g6
41. Ne3 Rd4 42. Qa4 Qb8 43. Re1 Qe5 44. Qxa6 Nxc4 45. Qb7 Kg7 46. Nc2 Qd5 47.
Qxd5 Rxd5 48. Kf1 Rd3 49. Ra1 Rc3 50. Ra2 Kf6 51. Ke2 Ke5 52. a4 Na5 53. Ne3 Rb3
54. Kd2 Kd4 55. Nc2+ Ke4 56. Ne3 f5 57. Kc2 Rb4 58. Nd1 g5 59. Ra3 f4 60. Nc3+
Ke5 61. Ra1 Kd6 62. Rd1+ Kc6 63. Re1 Nc4 64. Re6+ Kd7 65. Rxh6 Rb2+ 66. Kd3 Nd6
67. Rg6 Nf7 68. Rf6 Nd6 69. a5 Rb3 70. a6 Ra3 71. Kc2 Rxa6 72. Rg6 Ra1 73. Rxg5
Rf1 74. f3 Nf7 75. Rf5 Ke6 76. Rxf4 Rf2+ 77. Kb3 Rxg2 78. Ne4 Ne5 79. Nxc5+ Kd5
80. Rf5 Kxc5 81. Rxe5+ Kd6 82. Re3 Rg3 83. Kc4 Rxh3 84. Kd4 Rh1 85. Re2 Rf1 1/2-1/2

[Event "Sunway Sitges Open 2017"]
[Site "Sitges ESP"]
[Date "2017.12.16"]
[Round "2.20"]
[White "Alonso Rosell, Alvar"]
[Black "Garcia Martin, Marta"]
[Result "1/2-1/2"]
[WhiteTitle "GM"]
[BlackTitle "FM"]
[WhiteElo "2509"]
[BlackElo "2316"]
[WhiteFideId "2270544"]
[BlackFideId "32084030"]
[EventDate "2017.12.15"]

1. Nf3 Nf6 2. g3 b6 3. Bg2 Bb7 4. O-O g6 5. b3 Bg7 6. Bb2 O-O 7. c4 e6 8. Nc3 d5
9. cxd5 exd5 10. d4 Nbd7 11. Rc1 a6 12. Ne5 Re8 13. f4 Qe7 14. e3 Rad8 15. Re1
Qe6 16. Qf3 Ne4 17. Nxe4 dxe4 18. Qf2 Nxe5 19. fxe5 Rc8 20. Qf4 Qd7 21. Bxe4
Bxe4 22. Qxe4 f6 23. Qc6 Qxc6 24. Rxc6 fxe5 25. d5 Bf8 26. e4 Bd6 27. Bc1 a5 28.
Be3 Rb8 29. Rec1 Re7 30. Kg2 Kf8 31. Rf1+ 1/2-1/2

[Event "Sunway Sitges Open 2017"]
[Site "Sitges ESP"]
[Date "2017.12.16"]
[Round "2.21"]
[White "Lopez Mulet, Inigo"]
[Black "Matinian, Nikita"]
[Result "0-1"]
[WhiteTitle "FM"]
[BlackTitle "GM"]
[WhiteElo "2304"]
[BlackElo "2499"]
[WhiteFideId "22235620"]
[BlackFideId "24129100"]
[EventDate "2017.12.15"]

1. d4 d6 2. c4 g6 3. g3 Bg7 4. Bg2 Nf6 5. Nc3 O-O 6. Nf3 Nc6 7. O-O a6 8. d5 Na5
9. b3 b5 10. cxb5 axb5 11. b4 Nc4 12. Nd4 Bd7 13. Ncxb5 Qb8 14. a4 Nh5 15. Rb1
Rxa4 16. Qxa4 Bxd4 17. Qd1 Bxf2+ 18. Rxf2 Qxb5 19. Qd4 Ne5 20. Ra1 Rb8 21. Bd2
f6 22. e4 Qb7 23. Be1 Qc8 24. Qc3 Bh3 25. Ra7 Bxg2 26. Kxg2 Qg4 27. Qe3 f5 28.
exf5 gxf5 29. Rxc7 f4 30. Qc3 Rf8 31. Bd2 f3+ 32. Kf1 Nxg3+ 33. hxg3 Qh3+ 34.
Kg1 Qxg3+ 35. Kf1 Qh3+ 36. Kg1 Rf6 37. Rc8+ Kf7 38. Bg5 Rg6 39. Qc1 Qg4+ 40. Kh1
Nd3 41. Qe3 Nxf2+ 42. Qxf2 Rxg5 0-1

[Event "Sunway Sitges Open 2017"]
[Site "Sitges ESP"]
[Date "2017.12.16"]
[Round "2.22"]
[White "Manolache, Marius"]
[Black "Santarius, Erik"]
[Result "1/2-1/2"]
[WhiteTitle "GM"]
[BlackTitle "FM"]
[WhiteElo "2495"]
[BlackElo "2299"]
[WhiteFideId "1201530"]
[BlackFideId "2025817"]
[EventDate "2017.12.15"]

1. d4 d5 2. Nf3 Nf6 3. c4 e6 4. Nc3 a6 5. a4 dxc4 6. e4 Bb4 7. Bg5 h6 8. Bxf6
Qxf6 9. Bxc4 c5 10. e5 Qe7 11. O-O cxd4 12. Qxd4 O-O 13. Qe4 Bxc3 14. bxc3 Nd7
15. Bd3 g6 16. Qf4 Kg7 17. h4 Nc5 18. Bc2 Bd7 19. Rfe1 b5 20. axb5 axb5 21. Qb4
Rfe8 22. h5 gxh5 23. Nd4 Na4 24. Qxe7 Rxe7 25. c4 bxc4 26. Reb1 Be8 27. Ra3 Rd8
28. Rd1 Ra8 29. Rg3+ Kh8 30. Ne2 Nb2 31. Rd4 Nd3 32. Bxd3 cxd3 33. Nf4 Rd7 34.
Rxd7 Bxd7 35. Rxd3 Ra1+ 36. Kh2 Ra4 37. g3 Bc6 38. Nxh5 Ra2 39. Rc3 Bd5 40. Nf6
Kg7 41. Nxd5 exd5 42. Kg1 Re2 43. f4 Rd2 44. Rc7 Kg6 45. g4 Rd4 46. Rc6+ Kg7 47.
Rf6 Rd2 48. Kf1 d4 49. Rd6 d3 50. Rd8 Rd1+ 51. Kf2 d2 52. Rd6 Kg8 53. Ke3 Rg1
54. Rxd2 Rxg4 55. Kf3 Rg1 56. f5 Rf1+ 57. Ke4 Re1+ 58. Kd5 Rf1 59. f6 Rh1 60.
Kc6 Rc1+ 61. Kd7 Kf8 62. Ra2 Rd1+ 63. Kc7 Rc1+ 64. Kd6 Rd1+ 65. Kc6 Rc1+ 66. Kd5
Rd1+ 67. Ke4 Re1+ 68. Kf4 Kg8 69. Ra8+ Kh7 70. Rf8 Rf1+ 71. Kg4 h5+ 72. Kg5 Rg1+
73. Kxh5 Rg5+ 74. Kxg5 1/2-1/2

[Event "Sunway Sitges Open 2017"]
[Site "Sitges ESP"]
[Date "2017.12.16"]
[Round "2.23"]
[White "Sankalp, Gupta"]
[Black "Gascon Del Nogal, Jose Rafael"]
[Result "1/2-1/2"]
[BlackTitle "IM"]
[WhiteElo "2295"]
[BlackElo "2479"]
[WhiteFideId "5097010"]
[BlackFideId "3902463"]
[EventDate "2017.12.15"]

1. e4 e5 2. Nf3 Nc6 3. d4 exd4 4. Nxd4 Nf6 5. Nxc6 bxc6 6. e5 Qe7 7. Qe2 Nd5 8.
c4 Ba6 9. Nd2 g6 10. Nf3 Qb4+ 11. Kd1 Bg7 12. Qd2 Qxd2+ 13. Bxd2 Nb6 14. b3 c5
15. Kc2 Bb7 16. Bd3 O-O 17. Rae1 Rae8 18. Bc3 d6 19. exd6 cxd6 20. Rxe8 Rxe8 21.
Re1 Rxe1 22. Nxe1 Nd7 23. f4 Nf8 24. g3 Ne6 25. Bf1 Bxc3 26. Kxc3 Nd4 27. b4 Kf8
28. bxc5 dxc5 29. Nd3 Ne6 30. Bh3 f5 31. Bf1 Ke7 32. Be2 Nd4 33. Bd1 Kd6 34. Ne5
Ke6 35. Nd3 Kd6 36. Ne5 Bg2 37. h4 Be4 38. h5 gxh5 1/2-1/2

[Event "Sunway Sitges Open 2017"]
[Site "Sitges ESP"]
[Date "2017.12.16"]
[Round "2.24"]
[White "Kucuksari, Kaan"]
[Black "Hambleton, Aman"]
[Result "0-1"]
[WhiteTitle "FM"]
[BlackTitle "IM"]
[WhiteElo "2290"]
[BlackElo "2474"]
[WhiteFideId "6380166"]
[BlackFideId "2606577"]
[EventDate "2017.12.15"]

1. d4 Nf6 2. Nf3 e6 3. c4 d5 4. g3 Bb4+ 5. Bd2 Bd6 6. Bg2 c6 7. O-O Nbd7 8. Qc2
O-O 9. Bc3 dxc4 10. Nfd2 b5 11. Bxc6 Rb8 12. b3 Qc7 13. Bxd7 cxb3 14. Qxb3 Bxd7
15. Bb4 Bxb4 16. Qxb4 a5 17. Qb2 Rfc8 18. Nb3 Qc2 19. Qxc2 Rxc2 20. Nxa5 Rxe2
21. Nc3 Rc2 22. Rfc1 Rxc1+ 23. Rxc1 Ra8 24. Nb3 b4 25. Nd1 Rxa2 26. Rc4 Nd5 27.
Ne3 h5 28. h4 Bb5 29. Rc8+ Kh7 30. Rb8 Bc6 31. Rc8 Ba4 32. Nxd5 exd5 33. Nc5 Bc2
34. Nd7 b3 35. g4 hxg4 0-1

[Event "Sunway Sitges Open 2017"]
[Site "Sitges ESP"]
[Date "2017.12.16"]
[Round "2.25"]
[White "Mehar, Chinna Reddy C.H."]
[Black "Saduakassova, Dinara"]
[Result "0-1"]
[WhiteTitle "FM"]
[BlackTitle "IM"]
[WhiteElo "2287"]
[BlackElo "2460"]
[WhiteFideId "5027420"]
[BlackFideId "13700090"]
[EventDate "2017.12.15"]

1. d4 Nf6 2. Bf4 c5 3. e3 Nd5 4. Bxb8 Rxb8 5. c4 Nf6 6. Nc3 Qa5 7. Bd3 g6 8. Ne2
Bg7 9. O-O O-O 10. a3 d6 11. b4 Qd8 12. bxc5 dxc5 13. d5 Ne8 14. Rb1 Nd6 15. Qc2
e5 16. e4 f5 17. f3 Bh6 18. Nb5 fxe4 19. fxe4 Nf7 20. Nxa7 Be3+ 21. Kh1 Bg4 22.
Ng1 Qh4 23. Be2 Ng5 24. Nb5 Bf4 25. g3 Bxg3 26. Bxg4 Qxg4 27. Nc3 Qh4 28. Rxf8+
Rxf8 29. Qg2 Be1 30. Rxe1 Qxe1 31. Qxg5 Qxc3 32. Qg4 Kg7 33. Ne2 Qe1+ 34. Ng1
Rf4 35. Qd7+ Kh6 36. Qh3+ Rh4 37. Qf3 Qxe4 38. d6 Qxf3+ 39. Nxf3 Rxc4 40. d7
Rc1+ 41. Kg2 Rd1 42. Nxe5 Kg7 43. Kf3 Kf6 44. Ke4 Rd4+ 0-1

[Event "Sunway Sitges Open 2017"]
[Site "Sitges ESP"]
[Date "2017.12.16"]
[Round "2.26"]
[White "Sosa, Tomas ARG"]
[Black "Kholopov, Alexander A."]
[Result "1/2-1/2"]
[WhiteTitle "IM"]
[BlackTitle "FM"]
[WhiteElo "2460"]
[BlackElo "2292"]
[WhiteFideId "121576"]
[BlackFideId "4148100"]
[EventDate "2017.12.15"]

1. e4 d6 2. d4 Nf6 3. Nc3 e5 4. Nf3 Nbd7 5. Bc4 Be7 6. O-O O-O 7. a4 c6 8. Qe2
a5 9. Rd1 Qc7 10. Ba2 h6 11. h3 exd4 12. Nxd4 Ne5 13. Be3 Re8 14. f4 Ng6 15. Qc4
Rf8 16. Rd2 Nxe4 17. Nxe4 d5 18. Qd3 dxe4 19. Qxe4 Kh8 20. Bxf7 Rxf7 21. Qxg6
Bf6 22. Re1 Re7 23. Nf3 Be6 24. Bc5 Ree8 25. Ne5 Rad8 26. Bd6 Qb6+ 27. Kh2 Qxb2
28. Bc7 Rxd2 29. Qxe8+ Bg8 30. Nc4 Rxg2+ 31. Kxg2 Qxc2+ 32. Qe2 Qxc4 33. Qxc4
Bxc4 34. Bxa5 b5 35. axb5 cxb5 36. Kf3 Kh7 37. Ke4 Kg6 38. Re3 Be6 39. Rg3+ Kh5
40. Bc3 Bxc3 41. Rxc3 g6 42. Rc5+ Kh4 43. Rxb5 Bxh3 44. Kf3 Bg4+ 45. Kf2 Bf5 1/2-1/2

[Event "Sunway Sitges Open 2017"]
[Site "Sitges ESP"]
[Date "2017.12.16"]
[Round "2.27"]
[White "Chalmeta Ugas, Ramon"]
[Black "Bilguun, Sumiya"]
[Result "0-1"]
[WhiteTitle "FM"]
[BlackTitle "IM"]
[WhiteElo "2285"]
[BlackElo "2459"]
[WhiteFideId "2256339"]
[BlackFideId "4901541"]
[EventDate "2017.12.15"]

1. e4 c5 2. Nf3 e6 3. d4 cxd4 4. Nxd4 a6 5. Bd3 Qc7 6. O-O g6 7. c4 Bg7 8. Nc2
Nf6 9. Nc3 O-O 10. Qe2 d6 11. Be3 Nbd7 12. Rac1 b6 13. Rfd1 Bb7 14. f3 Rac8 15.
Qf2 Rfe8 16. Bf1 Nh5 17. Qd2 Bf8 18. Bh6 Be7 19. Bg5 Bxg5 20. Qxg5 Ne5 21. Qd2
Red8 22. Ne3 f5 23. b3 Nf6 24. f4 Neg4 25. Nxg4 Nxg4 26. exf5 gxf5 27. h3 Qc5+
28. Qd4 Ne3 29. Rd3 Qxd4 30. Rxd4 Kf7 31. Kf2 Nxf1 32. Rxf1 b5 33. Ne2 Ke7 34.
g4 fxg4 35. hxg4 e5 36. fxe5 Rf8+ 37. Rf4 dxe5 38. Rf5 Be4 39. Rxf8 Rxf8+ 40.
Ke1 Rxf1+ 41. Kxf1 bxc4 42. bxc4 Bd3 43. Kf2 Bxc4 44. Nc3 Be6 45. Kf3 Bf7 46. a3
Kd6 47. Ne4+ Kc6 48. Nf6 Bg6 49. g5 Kd6 50. Ke3 Ke6 51. a4 a5 52. Kd2 h6 0-1

[Event "Sunway Sitges Open 2017"]
[Site "Sitges ESP"]
[Date "2017.12.16"]
[Round "2.28"]
[White "Narciso Dublan, Marc"]
[Black "Miroshnichenko, Pavel"]
[Result "1-0"]
[WhiteTitle "GM"]
[BlackTitle "FM"]
[WhiteElo "2456"]
[BlackElo "2287"]
[WhiteFideId "2201500"]
[BlackFideId "4188659"]
[EventDate "2017.12.15"]

1. d4 d5 2. Bg5 c6 3. Nf3 Bf5 4. e3 Nd7 5. c4 h6 6. Bh4 Ngf6 7. cxd5 cxd5 8.
Bxf6 Nxf6 9. Nc3 a6 10. Ne5 Qa5 11. Qb3 Rc8 12. Bd3 Bxd3 13. Nxd3 b5 14. O-O e6
15. Rac1 Rb8 16. Ne5 Ra8 17. a4 b4 18. Na2 Bd6 19. Rc6 Qd8 20. Qd3 a5 21. Nc1
O-O 22. Nb3 Ne4 23. f3 f6 24. Ng6 Qe8 25. Nxf8 Qxc6 26. Nxe6 Bb8 27. fxe4 Qxe6
28. exd5 Qd6 29. g3 Qxd5 30. Rc1 Qd7 31. Qc4+ Kh7 32. Qc6 Qe7 33. Qxa8 Qxe3+ 34.
Kh1 Qxb3 35. Qe4+ 1-0

[Event "Sunway Sitges Open 2017"]
[Site "Sitges ESP"]
[Date "2017.12.16"]
[Round "2.29"]
[White "Cernousek, Lukas"]
[Black "Ayats Llobera, Gerard"]
[Result "0-1"]
[WhiteTitle "IM"]
[BlackTitle "FM"]
[WhiteElo "2456"]
[BlackElo "2285"]
[WhiteFideId "311707"]
[BlackFideId "32067607"]
[EventDate "2017.12.15"]

1. d4 Nf6 2. c4 g6 3. g3 Bg7 4. Bg2 d5 5. cxd5 Nxd5 6. e4 Nb6 7. Ne2 O-O 8. O-O
e5 9. d5 c6 10. Nbc3 Qe7 11. a4 a5 12. b3 Na6 13. Be3 Nd7 14. Nc1 f5 15. Nd3 f4
16. Bd2 Nac5 17. Nb2 f3 18. Bxf3 Rxf3 19. Qxf3 Nxb3 20. Rad1 Ndc5 21. Qg2 Nxd2
22. Rxd2 Nb3 23. Rd3 Nd4 24. Rb1 Qc5 25. Nbd1 cxd5 26. Ne3 dxe4 27. Qxe4 Bd7 28.
Ncd5 Bf5 29. Nxf5 gxf5 30. Ne7+ Qxe7 31. Qd5+ Qf7 32. Qxf7+ Kxf7 33. Rxb7+ Kg6
34. f4 Rc8 35. fxe5 Bxe5 36. Rb6+ Kg5 37. h3 Rc1+ 38. Kf2 Rc2+ 39. Kf1 Ne2 40.
g4 fxg4 41. Rb5 Kf4 42. hxg4 Ke4 43. Rh3 Nf4 44. Rxh7 Bc3 45. Rb1 Kf3 46. Rf7
Rf2+ 47. Kg1 Kg3 48. Rh7 Ra2 49. Rf1 Bd4+ 50. Kh1 Nh3 51. Rxh3+ Kxh3 52. Rf3+
Kh4 53. g5 Rxa4 54. g6 Kg5 55. Rg3+ Kh6 56. Kg2 Ra2+ 57. Kh3 Kg7 58. Rg4 Ra3+
59. Kg2 Bf6 60. Kf2 a4 61. Ke2 Ra1 62. Kd3 a3 63. Kc2 Rf1 64. Kb3 Bb2 0-1

[Event "Sunway Sitges Open 2017"]
[Site "Sitges ESP"]
[Date "2017.12.16"]
[Round "2.30"]
[White "Dardha, Arben"]
[Black "Das, Arghyadip"]
[Result "1/2-1/2"]
[WhiteTitle "FM"]
[BlackTitle "IM"]
[WhiteElo "2279"]
[BlackElo "2451"]
[WhiteFideId "4700481"]
[BlackFideId "5003610"]
[EventDate "2017.12.15"]

1. d4 c5 2. c3 e6 3. Nf3 Nf6 4. Bf4 b6 5. e3 Bb7 6. Nbd2 Be7 7. h3 O-O 8. Bd3
cxd4 9. exd4 d6 10. O-O Nbd7 11. Re1 Re8 12. Nc4 Qc7 13. Bg3 Bf8 14. Qc2 Bxf3
15. gxf3 g6 16. Rad1 Nh5 17. Qb3 a6 18. Bh2 Qc6 19. Nd2 d5 20. Nf1 b5 21. Rc1
Nb6 22. Qd1 Bd6 23. Qd2 Qc7 24. Bxd6 Qxd6 25. Nh2 Qf4 26. Qe3 Qh4 27. Qh6 Qxh3
28. Re5 Nd7 29. Ng4 f5 30. Rxe6 Rxe6 31. Bxf5 Rae8 32. Nf6+ Rxf6 33. Bxh3 Nb6
34. Qd2 Nc4 35. Qc2 Nf4 36. Bf1 Rf5 37. b3 Rg5+ 38. Kh2 Nd6 39. c4 Rh5+ 40. Kg1
Rg5+ 41. Kh2 Rf8 42. cxb5 Rh5+ 43. Kg1 Rg5+ 44. Kh2 axb5 45. Qc7 Rh5+ 46. Kg3
Rg5+ 47. Kh2 Rh5+ 48. Kg3 1/2-1/2

[Event "Sunway Sitges Open 2017"]
[Site "Sitges ESP"]
[Date "2017.12.16"]
[Round "2.31"]
[White "Das, Sayantan"]
[Black "Ojas, Kulkarni"]
[Result "1/2-1/2"]
[WhiteTitle "IM"]
[WhiteElo "2442"]
[BlackElo "2278"]
[WhiteFideId "5034426"]
[BlackFideId "25040073"]
[EventDate "2017.12.15"]

1. e4 e5 2. Nf3 Nc6 3. Bb5 a6 4. Ba4 Nf6 5. d3 d6 6. c3 Be7 7. Nbd2 O-O 8. h3 b5
9. Bc2 d5 10. O-O Bb7 11. Re1 Qd7 12. Qe2 Rfe8 13. Nf1 h6 14. Ng3 Bf8 15. Nh2 a5
16. Qf3 Ra6 17. Ng4 Nxg4 18. hxg4 Ne7 19. Be3 Ng6 20. Nf5 c5 21. Qh3 Qc8 22.
Rac1 a4 23. exd5 Bxd5 24. c4 Bc6 25. cxb5 Bxb5 26. Qg3 Qd7 27. Bb1 Rc6 28. Qf3
Rcc8 29. g5 h5 30. Ng3 h4 31. Ne4 Bxd3 32. Bxd3 Qxd3 33. Red1 Qb5 34. Rc2 c4 35.
Rd5 Qa6 36. a3 Red8 37. Nc3 Rxd5 38. Qxd5 Be7 39. Ne4 Bf8 40. Qd7 Qa8 41. Qf5
Rd8 42. Qf3 Qb8 43. Qe2 Rc8 44. Nc3 Qb3 45. Nd5 c3 46. Nxc3 Bxa3 47. bxa3 Rxc3
48. Rb2 Qxa3 49. Rb8+ Nf8 50. g6 fxg6 51. Qb5 Qd6 52. Rb6 Qd1+ 53. Kh2 Qg4 54.
Qd5+ Kh7 55. Qxe5 Rxe3 56. Qxe3 Nd7 57. Rd6 Nf6 58. Rd4 a3 59. Rd2 Qf5 60. Qe2
Ng4+ 61. Kg1 1/2-1/2

[Event "Sunway Sitges Open 2017"]
[Site "Sitges ESP"]
[Date "2017.12.16"]
[Round "2.32"]
[White "Kumar, Nikhil"]
[Black "Yankelevich, Lev"]
[Result "0-1"]
[WhiteTitle "FM"]
[BlackTitle "IM"]
[WhiteElo "2271"]
[BlackElo "2435"]
[WhiteFideId "30909040"]
[BlackFideId "24684074"]
[EventDate "2017.12.15"]

1. d4 Nf6 2. Nf3 g6 3. e3 Bg7 4. Be2 c5 5. O-O b6 6. c4 cxd4 7. exd4 d5 8. b3
O-O 9. Bb2 Bb7 10. Nc3 dxc4 11. bxc4 Nc6 12. Rb1 Rc8 13. Qa4 Nh5 14. Rfd1 Nf4
15. Bf1 Qd7 16. Ne2 Nxe2+ 17. Bxe2 Rfd8 18. Qa3 Na5 19. Rbc1 Bh6 20. Ne5 Qc7 21.
Rc3 Bg7 22. Rcc1 Ba6 23. Bg4 e6 24. Re1 f5 25. Bf3 Bh6 26. Rc2 Bg7 27. Rcc1 Bh6
28. Rc2 Bg7 29. Rcc1 Bb7 30. d5 Qd6 31. Qxd6 Rxd6 32. Ba3 Rdd8 33. Be7 Bxe5 34.
Bxd8 Bf4 35. dxe6 Rxd8 36. Bd5 Bxd5 37. cxd5 Bxc1 38. e7 Re8 39. d6 Kf7 40. Rxc1
Ke6 41. Rd1 Kd7 42. g4 Nb7 43. gxf5 gxf5 44. Rd5 Nxd6 45. Re5 Rxe7 0-1

[Event "Sunway Sitges Open 2017"]
[Site "Sitges ESP"]
[Date "2017.12.16"]
[Round "2.33"]
[White "Krishna, C R G"]
[Black "Santagati, Alessandro"]
[Result "1-0"]
[WhiteTitle "IM"]
[BlackTitle "FM"]
[WhiteElo "2421"]
[BlackElo "2269"]
[WhiteFideId "5018625"]
[BlackFideId "814644"]
[EventDate "2017.12.15"]

1. Nf3 d5 2. c4 e6 3. g3 Nf6 4. Bg2 Be7 5. O-O O-O 6. b3 c5 7. Bb2 Nc6 8. e3 b6
9. Qe2 Ba6 10. d3 Qc7 11. Nc3 Rad8 12. Nb5 Qb8 13. d4 dxc4 14. bxc4 cxd4 15.
exd4 Na5 16. Rac1 Rc8 17. a4 Rfe8 18. Bh3 Rcd8 19. Ne5 Bb7 20. Rcd1 a6 21. Nc3
Nc6 22. Nxf7 Kxf7 23. Bxe6+ Kf8 24. d5 Ne5 25. Ne4 Nxe4 26. Qxe4 Bf6 27. Ba3+
Rd6 28. f4 Nd7 29. Qxh7 Nc5 30. Rfe1 Rdxe6 31. dxe6 Rd8 32. Qh8+ 1-0

[Event "Sunway Sitges Open 2017"]
[Site "Sitges ESP"]
[Date "2017.12.17"]
[Round "3.1"]
[White "Motylev, Alexander"]
[Black "Vasquez Schroeder, Rodrigo"]
[Result "1/2-1/2"]
[WhiteTitle "GM"]
[BlackTitle "GM"]
[WhiteElo "2675"]
[BlackElo "2547"]
[WhiteFideId "4121830"]
[BlackFideId "3400042"]
[EventDate "2017.12.15"]

1. e4 e5 2. Nf3 Nc6 3. Bb5 a6 4. Ba4 Nf6 5. O-O Be7 6. Re1 b5 7. Bb3 d6 8. c3
O-O 9. h3 Bb7 10. d4 Re8 11. Nbd2 Bf8 12. a3 h6 13. Bc2 d5 14. Nxe5 Nxe5 15.
dxe5 Rxe5 16. f4 Bc5+ 17. Kh1 Nxe4 18. Nxe4 Rxe4 19. Bxe4 dxe4 20. Be3 Bxe3 21.
Rxe3 1/2-1/2

[Event "Sunway Sitges Open 2017"]
[Site "Sitges ESP"]
[Date "2017.12.17"]
[Round "3.2"]
[White "Santos Latasa, Jaime"]
[Black "Shankland, Samuel"]
[Result "1/2-1/2"]
[WhiteTitle "IM"]
[BlackTitle "GM"]
[WhiteElo "2536"]
[BlackElo "2662"]
[WhiteFideId "2293307"]
[BlackFideId "2004887"]
[EventDate "2017.12.15"]

1. e4 c5 2. Nf3 e6 3. d4 cxd4 4. Nxd4 Nc6 5. Nc3 Qc7 6. Be3 a6 7. Qf3 Nf6 8.
O-O-O h5 9. Nxc6 dxc6 10. h3 b5 11. e5 Nd5 12. Bf4 Qa5 13. Bd3 Be7 14. Nxd5 exd5
15. Kb1 Be6 16. Bd2 Qc7 17. Qe2 h4 18. f4 g6 19. Qf2 O-O-O 20. Be3 c5 21. c3 Qc6
22. Bc2 Kc7 23. Rhf1 a5 24. f5 gxf5 25. Bxf5 Rd7 26. Bxe6 fxe6 27. Qd2 Rhd8 28.
Rf7 Kc8 29. Rxe7 Rxe7 30. Bg5 Red7 31. Bxd8 Rxd8 32. Qf2 d4 33. cxd4 Qe4+ 34.
Kc1 cxd4 35. Qc2+ Qxc2+ 36. Kxc2 Rg8 37. Rxd4 1/2-1/2

[Event "Sunway Sitges Open 2017"]
[Site "Sitges ESP"]
[Date "2017.12.17"]
[Round "3.3"]
[White "Matinian, Nikita"]
[Black "Melkumyan, Hrant"]
[Result "0-1"]
[WhiteTitle "GM"]
[BlackTitle "GM"]
[WhiteElo "2499"]
[BlackElo "2633"]
[WhiteFideId "24129100"]
[BlackFideId "13302485"]
[EventDate "2017.12.15"]

1. e4 e5 2. Nf3 Nf6 3. d4 Nxe4 4. Bd3 d5 5. dxe5 Nc5 6. O-O Be7 7. Nc3 c6 8. Be2
O-O 9. Be3 Nbd7 10. Re1 Re8 11. Qd4 Nf8 12. Rad1 Bf5 13. Qd2 Nce6 14. h3 Bg6 15.
Bd3 Qc7 16. Ne2 Be4 17. Ng3 Bxf3 18. gxf3 d4 19. Bh6 gxh6 20. Qxh6 Ng6 21. Re4
Bf8 22. Qc1 Nc5 23. Rg4 Nxd3 24. Rxd3 Qxe5 0-1